000 00807nam a2200277 a 4500
008
020 _a0256114528 (hbk.)
049 _aMAIN
090 _aTA351 DAS
100 1 _aDas, Braja M.
245 1 0 _aEngineering mechanics :
_bstatics /
_cBraja M. Das, Aslam Kassimali and Sedat Sami.
260 _aBurr Ridge :
_bIrwin ,
_c1994.
300 _axii, 580 p. :
_bill. ;
_c25 cm.
500 _aIncludes answers.
500 _aIncludes errata sheet and correction labels.
500 _aIncludes index.
650 0 _aMechanics, Applied.
650 0 _aStatics.
700 1 _aKassimali, Aslam.
700 1 _aSami, Sedat.
907 _a.b10001694
_b30-11-11
_c17-04-03
003
005 20230123133639.0
040 _cNUST
942 _cBOOKS
_kTA351 DAS
999 _c152213
_d152213